[Event "FRA-chT2 0910"]
[Site "France"]
[Date "2009.12.13"]
[Round "6.8"]
[White "Chabradze, Elise"]
[Black "Anamba Onana, Marie Therese"]
[Result "1-0"]
[WhiteElo "1770"]
[BlackElo "1680"]
[PlyCount "95"]
[EventDate "2009.09.27"]
[EventType "team-tourn"]
[EventRounds "11"]
[EventCountry "FRA"]
[SourceTitle "EXT 2011"]
[Source "ChessBase"]
[SourceDate "2010.11.26"]
[SourceVersion "1"]
[SourceVersionDate "2010.11.26"]
[SourceQuality "1"]

1. e4 e5 2. Nf3 Nc6 3. d4 exd4 4. Nxd4 Nf6 5. Nxc6 bxc6 6. e5 Nd5 7. c4 Nb6 8. Nc3 d6 9. Qe2 Be6 10. b3 d5 11. cxd5 cxd5 12. Bf4 c6 13. 0-0-0 Bb4 14. Qc2 Qd7 15. Bd3 h6 16. Kb1 Rb8 17. Ne2 Ba5 18. Bd2 Bxd2 19. Rxd2 Qc7 20. Nd4 Nc4 21. Bxc4 dxc4 22. Nxe6 fxe6 23. Qxc4 Kf7 24. Qf4+ Ke7 25. Rhd1 Rhd8 26. Qh4+ Ke8 27. Qh5+ Ke7 28. Kc2 a6 29. Qh4+ Ke8 30. Rxd8+ Rxd8 31. Rxd8+ Qxd8 32. Qxd8+ Kxd8 33. Kc3 Kc7 34. Kc4 Kb6 35. a3 a5 36. f4 g6 37. g3 c5 38. h4 h5 39. Kd3 Kc6 40. Kc3 Kd5 41. b4 axb4+ 42. axb4 cxb4+ 43. Kxb4 Kc6 44. Kc4 Kd7 45. Kb5 Kc7 46. Kc5 Kd7 47. Kb6 Ke8 48. Kc6 1-0

[Event "FRA-chT2 West 0809"]
[Site "France"]
[Date "2008.12.14"]
[Round "4.7"]
[White "Doucet, Antoine"]
[Black "Chabradze, Elise"]
[Result "1-0"]
[WhiteElo "1812"]
[BlackElo "1800"]
[PlyCount "77"]
[EventDate "2008.10.19"]
[EventType "team-tourn"]
[EventRounds "11"]
[EventCountry "FRA"]
[SourceTitle "EXT 2010"]
[Source "ChessBase"]
[SourceDate "2010.11.25"]
[SourceVersion "1"]
[SourceVersionDate "2010.11.25"]
[SourceQuality "1"]
[WhiteTeam "Lisieux"]
[BlackTeam "Nantes II"]
[WhiteTeamCountry "FRA"]
[BlackTeamCountry "FRA"]

1. d4 d5 2. c4 c6 3. Nc3 Nf6 4. Nf3 e6 5. cxd5 cxd5 6. Bf4 Nc6 7. e3 a6 8. a3 Be7 9. Bd3 0-0 10. 0-0 b5 11. Qc2 Na5 12. Ne5 Bb7 13. Bg5 h6 14. Bh4 Rc8 15. b4 Nc6 16. Nf3 Ne4 17. Bxe7 Qxe7 18. Bxe4 dxe4 19. Nd2 Rfd8 20. Rac1 f5 21. Nb3 Kf7 22. Nc5 a5 23. Qb3 a4 24. Qa2 Na7 25. Qe2 Bc6 26. Rfd1 Qe8 27. g4 Bd5 28. gxf5 exf5 29. Qh5+ g6 30. Qxh6 Kg8 31. Kh1 Rc7 32. Rg1 Rg7 33. Qg5 Bf7 34. Ne2 Rd6 35. Nf4 Qb8 36. Rg2 Rh7 37. Nh5 Kf8 38. Nf6 Rh8 39. Ncd7+ 1-0

[Event "FRA-chT3 Gr5 "]
[Site "Bretagne"]
[Date "2006.??.??"]
[Round "8.8"]
[White "Poulain, Maxime"]
[Black "Chabradze, Elise"]
[Result "1/2-1/2"]
[WhiteElo "1610"]
[BlackElo "1820"]
[PlyCount "132"]
[EventDate "2006.??.??"]
[EventType "team"]
[EventRounds "9"]
[EventCountry "FRA"]
[SourceTitle "EXT 2007"]
[Source "ChessBase"]
[SourceDate "2006.11.23"]
[SourceVersion "1"]
[SourceVersionDate "2006.11.23"]
[SourceQuality "1"]
[WhiteTeam "Saint Nazaire"]
[WhiteTeamCountry "FRA"]

1. d4 d5 2. c4 c6 3. Nc3 Nf6 4. Nf3 Nbd7 5. Bf4 e6 6. e3 Be7 7. Bd3 dxc4 8. Bxc4 Nd5 9. Nxd5 exd5 10. Bd3 Nf6 11. 0-0 0-0 12. h3 Bd6 13. Be5 Ne4 14. Qc2 f5 15. Bxd6 Qxd6 16. Ne5 Rf6 17. Rab1 Be6 18. b4 Rc8 19. Rfc1 Ng5 20. Qa4 a6 21. Qa5 f4 22. Qb6 Rb8 23. b5 fxe3 24. fxe3 axb5 25. Bxb5 Qf8 26. Bxc6 Bf5 27. Bxd5+ Kh8 28. Qb3 Rd8 29. Rb2 b6 30. Rc7 Bg6 31. Rc1 Bf7 32. Bxf7 Nxf7 33. Nxf7+ Rxf7 34. Qxb6 Re8 35. Re2 Qa3 36. Qb1 Rfe7 37. Rce1 h6 38. Qb3 Qa6 39. a4 Qc6 40. Qb5 Qe4 41. a5 Ra8 42. Ra2 Rea7 43. a6 Qe6 44. d5 Qe5 45. e4 Qg3 46. Ree2 Qg6 47. e5 Rxa6 48. Rxa6 Rxa6 49. d6 Ra1+ 50. Kh2 Qf5 51. d7 Qf4+ 52. g3 Qd4 53. h4 Qg1+ 54. Kh3 Qf1+ 55. Kg4 Rd1 56. Rd2 h5+ 57. Kg5 Qxb5 58. d8Q+ Kh7 59. Kf5 Rf1+ 60. Ke6 Qb3+ 61. Ke7 Rf7+ 62. Kd6 Ra7 63. Kc5 Qc3+ 64. Kb6 Qa5+ 65. Kc6 Qxe5 66. Qd3+ Kh8 1/2-1/2

[Event "FRA-chT3 0405"]
[Site "France"]
[Date "2004.11.07"]
[Round "3"]
[White "Guereven, Sonia"]
[Black "Chabradze, Elise"]
[Result "1/2-1/2"]
[WhiteElo "1730"]
[BlackElo "1750"]
[PlyCount "108"]
[EventDate "2004.10.10"]
[EventType "team"]
[EventRounds "9"]
[EventCountry "FRA"]
[SourceTitle "EXT 2007"]
[Source "ChessBase"]
[SourceDate "2006.11.23"]
[SourceVersion "1"]
[SourceVersionDate "2006.11.23"]
[SourceQuality "1"]

1. e4 c5 2. Nf3 Nc6 3. d4 cxd4 4. Nxd4 Nf6 5. Nc3 e5 6. Ndb5 d6 7. Bg5 a6 8. Na3 b5 9. Nd5 Be7 10. Nxf6+ Bxf6 11. Bxf6 Qxf6 12. Qd2 0-0 13. c3 Bb7 14. Bd3 Rac8 15. 0-0 Rfd8 16. Rad1 Ne7 17. c4 bxc4 18. Nxc4 Bxe4 19. Bxe4 Rxc4 20. Qa5 Rb8 21. Rfe1 Rcb4 22. b3 R4b6 23. Re2 Qh6 24. h3 Kh8 25. Red2 f5 26. Bd3 Nc6 27. Qa3 Nd4 28. Bc4 Qg6 29. Kh1 f4 30. Bd3 Qh6 31. Be4 f3 32. Rd3 fxg2+ 33. Bxg2 Rc8 34. Qa5 Rcb8 35. Qd5 Ne2 36. Qf7 Nf4 37. Rc3 Qh5 38. Qxh5 Nxh5 39. Rc7 Rd8 40. Ra7 Nf4 41. Bf1 h6 42. Kh2 Kh7 43. Rxa6 Rxa6 44. Bxa6 d5 45. a4 Rb8 46. Bb5 Kg6 47. Rc1 Rb7 48. Rc6+ Kf5 49. Rd6 d4 50. Bd7+ Kg5 51. Bb5 Rc7 52. Bc4 Kf5 53. f3 Kg5 54. a5 Kh4 1/2-1/2